Normal view
MARC view
Entry Personal Name
001 - CONTROL NUMBER
- control field: 64959
003 - CONTROL NUMBER IDENTIFIER
- control field:
005 - DATE AND TIME OF LATEST TRANSACTION
- control field: 20250514103346.0
008 - FIXED-LENGTH DATA ELEMENTS
- fixed length control field: 250514|| aca||aabn | a|a d
040 ## - CATALOGING SOURCE
- Original cataloging agency:
- Transcribing agency:
100 ## - HEADING--PERSONAL NAME
- Personal name: AZARE, Musa
670 ## - SOURCE DATA FOUND
- Source citation: Work cat.: ()32162: OGUEJIOFOR, Patrick aut. 53750, The woman I know :, 2024
